The bookseller of Kabul / (Record no. 529771)

000 -LEADER
fixed length control field 01230cam a22003738a 4500
001 - CONTROL NUMBER
control field 13567912
003 - CONTROL NUMBER IDENTIFIER
control field NUST
005 - DATE AND TIME OF LATEST TRANSACTION
control field 20191003103233.0
008 - FIXED-LENGTH DATA ELEMENTS--GENERAL INFORMATION
fixed length control field 040206r20042003enk 000 0 eng
010 ## - LIBRARY OF CONGRESS CONTROL NUMBER
LC control number 2004381497
015 ## - NATIONAL BIBLIOGRAPHY NUMBER
National bibliography number GBA4-Y9310
016 7# - NATIONAL BIBLIOGRAPHIC AGENCY CONTROL NUMBER
Record control number 1844080471
Source Uk
020 ## - INTERNATIONAL STANDARD BOOK NUMBER
International Standard Book Number 1844080471
035 ## - SYSTEM CONTROL NUMBER
System control number (CStRLIN)UKBPGBA4Y9310-B
038 ## - RECORD CONTENT LICENSOR
Staff Name WASEEM
040 ## - CATALOGING SOURCE
Original cataloging agency StDuBDS
Transcribing agency DLC
Modifying agency StDuBDS
-- Uk
041 1# - LANGUAGE CODE
Language code of text/sound track or separate title eng
Language code of original nor
082 04 - DEWEY DECIMAL CLASSIFICATION NUMBER
Classification number 958.1
Author Mark SEI
100 1# - MAIN ENTRY--PERSONAL NAME
Personal name Seierstad, Åsne,
Dates associated with a name 1970-
9 (RLIN) 22533
240 10 - UNIFORM TITLE
Uniform title Bokhandleren i Kabul
Language of a work English
245 14 - TITLE STATEMENT
Title The bookseller of Kabul /
Statement of responsibility, etc. Åsne Seierstad ; translated by Ingrid Christophersen.
260 ## - PUBLICATION, DISTRIBUTION, ETC.
Place of publication, distribution, etc. London :
Name of publisher, distributor, etc. Virago,
Date of publication, distribution, etc. c2003.
263 ## - PROJECTED PUBLICATION DATE
Projected publication date 0403
300 ## - PHYSICAL DESCRIPTION
Extent 276 p. ;
Dimensions 20 cm.
500 ## - GENERAL NOTE
General note Originally published: London: Little, Brown, 2003.
546 ## - LANGUAGE NOTE
Language note Translated from the Norwegian.
600 30 - SUBJECT ADDED ENTRY--PERSONAL NAME
Personal name Khan family.
9 (RLIN) 22534
650 #0 - SUBJECT ADDED ENTRY--TOPICAL TERM
Topical term or geographic name entry element Booksellers and bookselling
Geographic subdivision Afghanistan
-- Kabul.
9 (RLIN) 22535
651 #0 - SUBJECT ADDED ENTRY--GEOGRAPHIC NAME
Geographic name Kabul (Afghanistan)
Form subdivision Biography.
9 (RLIN) 22536
651 #0 - SUBJECT ADDED ENTRY--GEOGRAPHIC NAME
Geographic name Kabul (Afghanistan)
General subdivision Social life and customs.
9 (RLIN) 22537
906 ## - LOCAL DATA ELEMENT F, LDF (RLIN)
a 0
b ibc
c copycat
d 2
e ecip
f 20
g y-gencatlg
942 ## - ADDED ENTRY ELEMENTS (KOHA)
Source of classification or shelving scheme
Koha item type Book
Holdings
Withdrawn status Lost status Source of classification or shelving scheme Damaged status Not for loan Permanent Location Current Location Shelving location Date acquired Source of acquisition Total Checkouts Total Renewals Full call number Barcode Date last seen Date last checked out Price effective from Koha item type
          Central Library (CL) Central Library (CL) Fiction 10/03/2019 Donation 2 4 958.1 SEI CL-D-591 07/12/2025 11/07/2023 10/03/2019 Book
© 2023 Central Library, National University of Sciences and Technology. All Rights Reserved.